Směnečný a šekový zákon. Zákon směnečný a šekový ze dne 20. prosince 1950 č. 191/1950 Sb.
Zmenka. Zmenka cudzia. Indosament. Prijatie zmenky. Zmenečné rukojemstvo. Splatnosť zmenky. Platenie. Postih pre neprijatie a pre neplatenie. Zmenečná intervencia. Zmenečné stejnopisy a odpisy. Premlčanie. Zmenka vlastná. Osobitné ustanovenia medzinárodného práva. Šek. Vystavenie šeku. Šekové rukoje...
Gespeichert in:
| Format: | Buchkapitel |
|---|---|
| Sprache: | Tschechisch |
| Schlagworte: | |
| Tags: |
Keine Tags, Fügen Sie das erste Tag hinzu!
|
MARC
| LEADER | 00000naa a2200000 4500 | ||
|---|---|---|---|
| 001 | r003971 | ||
| 005 | 20221125080233.9 | ||
| 041 | 0 | |a cze | |
| 044 | |a [CS] | ||
| 245 | 1 | 0 | |a Směnečný a šekový zákon. |b Zákon směnečný a šekový ze dne 20. prosince 1950 č. 191/1950 Sb. |
| 520 | |a Zmenka. Zmenka cudzia. Indosament. Prijatie zmenky. Zmenečné rukojemstvo. Splatnosť zmenky. Platenie. Postih pre neprijatie a pre neplatenie. Zmenečná intervencia. Zmenečné stejnopisy a odpisy. Premlčanie. Zmenka vlastná. Osobitné ustanovenia medzinárodného práva. Šek. Vystavenie šeku. Šekové rukojemstvo. Predloženie a platenie. Šek krížovaný a šek k zúčtovaniu. Postih pre neplatenie. Šekové stejnopisy. | ||
| 610 | 2 | 0 | |a zmenky |
| 610 | 2 | 0 | |a zákony |
| 610 | 2 | 0 | |a ČSFR |
| 610 | 2 | 0 | |a 1950 |